000 01129nam a2200313 i 4500
001 bg
003 BPK
005 20190903133410.0
008 990512s1998 pl a f f |000 0 pol
015 _aPB 1999/6826
020 _a8387424722
040 _aWA N
_cBPK
041 0 _apol
080 _a631.6
080 _a636
080 _a(075.8)
100 1 _aPałosz, Tadeusz
_d(1940- ).
245 1 0 _aPodstawy produkcji rolniczej :
_bmateriały pomocnicze do wykładów /
_cTadeusz Pałosz ; Politechnika Koszalińska.
260 _aKoszalin :
_bWydaw. Uczelniane PK,
_c1998.
300 _a270 s. :
_bmapy, rys., wykr. ;
_c24 cm.
504 _aBibliogr. s. 269-270.
655 4 _aPodręczniki akademickie
650 4 _aAgrotechnika
650 4 _aZootechnika
710 2 _aPolitechnika Koszalińska.
_bWydawnictwo Uczelniane.
_4pbl.
856 _uhttp://dlibra.tu.koszalin.pl/dlibra/docmetadata?id=106&from=&dirids=1&ver_id=&lp=1&QI=
_yBiblioteka Cyfrowa
942 _2UKD
_cKS
856 _uhttp://koha.tu.koszalin.pl/cgi-bin/koha/opac-detail.pl?biblionumber=51029
_yKatalog online BPK
999 _c51029
_d51029